¿Por qué -y para qué- una geografía electoral de Centroamérica? /

El presente numero de la revista TRACE, centra su interés en explorar las dinámicas territoriales de la democratización litoral, en un contexto que se caracteriza por una expansión, pero a su vez por incredibilidad en la democracia representativa; mediante un análisis comparativo, espacial y multidi...

Mô tả đầy đủ

Đã lưu trong:
Chi tiết về thư mục
Tác giả chính: Sonneleitner, Willibald
Định dạng: Texto
Những chủ đề:
Các nhãn: Thêm thẻ
Không có thẻ, Là người đầu tiên thẻ bản ghi này!

MARC

LEADER 00000 a a2200000 04500
001 40782
003
040
100 |a Sonneleitner, Willibald  
245 |a ¿Por qué -y para qué- una geografía electoral de Centroamérica? /  |c Willibald Sonneleitner  
520 |a El presente numero de la revista TRACE, centra su interés en explorar las dinámicas territoriales de la democratización litoral, en un contexto que se caracteriza por una expansión, pero a su vez por incredibilidad en la democracia representativa; mediante un análisis comparativo, espacial y multidimensional de los procesos de democratización recientes, en donde se estudiará el voto desde diversas niveles y escalas, sean estas locales, nacionales y/o regionales.  
590 |a SJB/MAYO2011  
650 |a 1.SISTEMAS ELECTORALES  
650 |a 2.VOTACION  
650 |a 3.ELECCIONES  
650 |a 4.PARTICIPACION POLITICA  
650 |a 5.PODER POLITICO  
650 |a 6.DEMOCRACIA  
650 |a 7.POLITICA  
650 |a 8.GEOGRAFIA  
773 |g número48 ( , 2005), páginas 3-14  
999 |c 35122  |d 35122